书目信息 |
| 题名: |
中国古代建筑史
|
|
| 作者: | 刘叙杰 主编 | |
| 分册: | 第一卷 原始社会、夏、商、周、秦、汉建筑 | |
| 出版信息: | 北京 中国建筑工业出版社 2009.12 |
|
| 页数: | 717页 | |
| 开本: | 29cm | |
| 丛书名: | ||
| 单 册: | ||
| 中图分类: | TU-092 | |
| 科图分类: | ||
| 主题词: | 建筑史--jian zhu shi--中国--古代 | |
| 电子资源: | ||
| ISBN: | 978-7-112-09070-9 | |
| 000 | 00908nam0 2200277 450 | |
| 001 | B20110000899 | |
| 005 | 20110715103318.23 | |
| 010 | @a978-7-112-09070-9@b精装@dCNY148.00 | |
| 100 | @a20101118d2009 em y0chiy50 ea | |
| 101 | 0 | @achi |
| 102 | @aCN@b110000 | |
| 105 | @aab z 000yy | |
| 106 | @ar | |
| 200 | 1 | @a中国古代建筑史@Azhong guo gu dai jian zhu shi@h第一卷@i原始社会、夏、商、周、秦、汉建筑@f刘叙杰主编 |
| 205 | @a第2版 | |
| 210 | @a北京@c中国建筑工业出版社@d2009.12 | |
| 215 | @a717页@c图,地图@d29cm | |
| 300 | @a国家自然科学基金委员会 建设部科学技术司联合资助 | |
| 330 | @a本卷内容包括:中国古代建筑的初创、形成与第一次发展高潮,包括原始社会、夏、商、周、秦、汉建筑。 | |
| 333 | @a建筑相关人员 | |
| 586 | @a | |
| 606 | 0 | @a建筑史@Ajian zhu shi@y中国@z古代 |
| 690 | @aTU-092@v5 | |
| 701 | 0 | @a刘叙杰@Aliu xu jie@4主编 |
| 801 | 0 | @aCN@c20110610 |
| 905 | @dTU-092@eL6901:1@f3 | |
| 中国古代建筑史.第一卷.原始社会、夏、商、周、秦、汉建筑/刘叙杰主编.-第2版.-北京:中国建筑工业出版社,2009.12 |
| 717页:图,地图;29cm |
| 国家自然科学基金委员会 建设部科学技术司联合资助.-使用对象:建筑相关人员 |
| ISBN 978-7-112-09070-9(精装):CNY148.00 |
| 本卷内容包括:中国古代建筑的初创、形成与第一次发展高潮,包括原始社会、夏、商、周、秦、汉建筑。 |
| ● |
| 相关链接 |
|
|
|
正题名:中国古代建筑史
索取号:TU-092/L6901:1
 
预约/预借
| 序号 | 登录号 | 条形码 | 馆藏地/架位号 | 状态 | 备注 |
| 1 | 884218 | 208842181 | 建筑库101/101建筑库 5排2列4层/ [索取号:TU-092/L6901:1] | 在馆 | |
| 2 | 884219 | 208842190 | 建筑库101/101建筑库 5排2列4层/ [索取号:TU-092/L6901:1] | 在馆 | |
| 3 | 884220 | 208842207 | 建筑库101/101建筑库 5排2列4层/ [索取号:TU-092/L6901:1] | 在馆 |